LEADER 00983cas--2200349---450- 001 990001038610203316 005 20110404132148.0 035 $a0103861 035 $aUSA010103861 035 $a(ALEPH)000103861USA01 035 $a0103861 100 $a20020318d--------km-y0itay0103----ba 101 $aita 102 $aIT 110 $aa---------- 200 1 $aLegislazione fascista 210 $aRoma 215 $av. 606 0 $aFascismo$xPeriodici 676 $a945.0915 801 0$aIT$bsalbc$gISBD 912 $a990001038610203316 958 $aGIU$cA.I(1922)-A.XVII(1939) ; A. XX(1941)-A.XXII(1943) 959 $aSE 979 $aPATTY$b90$c20020318$lUSA01$h1245 979 $c20020403$lUSA01$h1744 979 $aPATRY$b90$c20040406$lUSA01$h1712 979 $aVITTORIANA$b90$c20110404$lUSA01$h1321 979 $aVITTORIANA$b90$c20110404$lUSA01$h1321 979 $aVITTORIANA$b90$c20110404$lUSA01$h1321 996 $aLegislazione fascista$9977045 997 $aUNISA LEADER 01019cam0-2200325---450- 001 990005830370403321 005 20120912164751.0 010 $a3-906759-74-1 035 $a000583037 035 $aFED01000583037 035 $a(Aleph)000583037FED01 035 $a000583037 100 $a19990604d1998----km-y0itay50------ba 101 0 $aspa 102 $aDE 105 $a--------001yy 200 1 $a<>relectura del "Fin de Siglo" en el marco de la literatura comparada$eteoria y praxis$fDolores Romero López 210 $aBern$cPeter Lang$d1998 215 $a202 p.$d22 cm 225 1 $aPerspectivas hispánicas 610 0 $aLetteratura spagnola$aSec. 19.-20 676 $a860.09 700 1$aRomero López,$bMaría Dolores$f<1965- >$0388953 801 0$aIT$bUNINA$gRICA$2UNIMARC 901 $aBK 912 $a990005830370403321 952 $a860.9 ROM 2$bDip.f.m.9963$fFLFBC 959 $aFLFBC 996 $aRelectura del "Fin de Siglo" en el marco de la literatura comparada$9566983 997 $aUNINA LEADER 04143nam 2200889z- 450 001 9910566485903321 005 20220506 035 $a(CKB)5680000000037520 035 $a(oapen)https://directory.doabooks.org/handle/20.500.12854/80978 035 $a(oapen)doab80978 035 $a(EXLCZ)995680000000037520 100 $a20202205d2022 |y 0 101 0 $aeng 135 $aurmn|---annan 181 $ctxt$2rdacontent 182 $cc$2rdamedia 183 $acr$2rdacarrier 200 00$aSense and Respond$eIndustrial Applications of Smart Sensors in Cyber-Physical Systems 210 $aBasel$cMDPI - Multidisciplinary Digital Publishing Institute$d2022 215 $a1 online resource (168 p.) 311 08$a3-0365-3814-3 311 08$a3-0365-3813-5 330 $aOver the past century, the manufacturing industry has undergone a number of paradigm shifts: from the Ford assembly line (1900s) and its focus on efficiency to the Toyota production system (1960s) and its focus on effectiveness and JIDOKA; from flexible manufacturing (1980s) to reconfigurable manufacturing (1990s) (both following the trend of mass customization); and from agent-based manufacturing (2000s) to cloud manufacturing (2010s) (both deploying the value stream complexity into the material and information flow, respectively). The next natural evolutionary step is to provide value by creating industrial cyber-physical assets with human-like intelligence. This will only be possible by further integrating strategic smart sensor technology into the manufacturing cyber-physical value creating processes in which industrial equipment is monitored and controlled for analyzing compression, temperature, moisture, vibrations, and performance. For instance, in the new wave of the 'Industrial Internet of Things' (IIoT), smart sensors will enable the development of new applications by interconnecting software, machines, and humans throughout the manufacturing process, thus enabling suppliers and manufacturers to rapidly respond to changing standards. This reprint of "Sense and Respond" aims to cover recent developments in the field of industrial applications, especially smart sensor technologies that increase the productivity, quality, reliability, and safety of industrial cyber-physical value-creating processes. 517 $aSense and Respond 606 $aHistory of engineering & technology$2bicssc 606 $aTechnology: general issues$2bicssc 610 $aapplication 610 $aapproaches 610 $aartificial vision 610 $aasynchronous 610 $aconceptual framework 610 $acramer rao lower bound 610 $aCrame?r-Rao lower bound 610 $adata 610 $adeep learning 610 $aEEG sensors 610 $agenetic algorithms 610 $ageometric deep learning 610 $aheteroscedasticity 610 $ahyperboloids 610 $aIIoT 610 $aindoor air quality 610 $aindustrial optical quality inspection 610 $aindustry 4.0 610 $aIndustry 4.0 610 $aIOTA tangle 610 $aLCA 610 $alean management 610 $alocalization 610 $along-term monitoring benefits 610 $alow cost 610 $aLPS 610 $amanufacturing systems 610 $amulti-objective optimization 610 $anode distribution 610 $aoccupational safety and health 610 $aproblem-solving 610 $aproject engineering 610 $aSDG 11 610 $aSDG 9 610 $asensor failure 610 $asensor networks 610 $asensors 610 $asoft sensors 610 $aTDOA 610 $atools 610 $awireless sensor networks 615 7$aHistory of engineering & technology 615 7$aTechnology: general issues 700 $aVillalba-Diez$b Javier$4edt$01308061 702 $aOrdieres Meré$b Joaquin$4edt 702 $aVillalba-Diez$b Javier$4oth 702 $aOrdieres Meré$b Joaquin$4oth 906 $aBOOK 912 $a9910566485903321 996 $aSense and Respond$93029090 997 $aUNINA